Radegast - úspora vody a udržitelnost součástí značky

Voda ako kľúčový element v pivovarníckom priemysle. Komunikačné ciele značky Radegast - mix aktivít a projektov ako napríklad naklonený billboard, ťavy v Beskydách a zavlažovacie vaky pre stromy. Plán uhlíkovej neutrality spoločnosti do roku 2030.

Salvato in:
Dettagli Bibliografici
Autore principale: Klapil, Lukáš
Natura: Capitolo di libro
Lingua:ceco
Soggetti:
Tags: Aggiungi Tag
Nessun Tag, puoi essere il primo ad aggiungerne!!

MARC

LEADER 00000naa a2200000 4500
001 0288151
005 20240417075216.2
041 0 |a cze 
044 |a CZ 
245 1 0 |a Radegast - úspora vody a udržitelnost součástí značky  |c Lukáš Klapil 
520 |a Voda ako kľúčový element v pivovarníckom priemysle. Komunikačné ciele značky Radegast - mix aktivít a projektov ako napríklad naklonený billboard, ťavy v Beskydách a zavlažovacie vaky pre stromy. Plán uhlíkovej neutrality spoločnosti do roku 2030. 
610 2 0 |a marketing 
610 2 0 |a spoločnosti 
610 2 0 |a potravinárstvo 
610 2 0 |a pivovarníctvo 
610 2 0 |a prostredie životné 
610 2 0 |a ochrana prostredia životného 
100 1 |a Klapil, Lukáš